Breve análisis de la naturaleza jurídica del régimen de exteriorización y del régimen de regularización de la ley 27743 (Registro nro. 20660)

Detalles MARC
000 -LEADER
fixed length control field 00476 a2200133 4500
001 - CONTROL NUMBER
control field ART_61806
005 - DATE AND TIME OF LATEST TRANSACTION
control field 20260410161802.0
008 - FIXED-LENGTH DATA ELEMENTS--GENERAL INFORMATION
fixed length control field 260409a
100 1# - MAIN ENTRY--PERSONAL NAME
Personal name Gotlib, Gabriel
245 10 - TITLE STATEMENT
Title Breve análisis de la naturaleza jurídica del régimen de exteriorización y del régimen de regularización de la ley 27743
700 1# - ADDED ENTRY--PERSONAL NAME
Personal name Vaquero, Fernando M.
700 1# - ADDED ENTRY--PERSONAL NAME
Personal name Mazzilli, Santiago T.
773 0# - HOST ITEM ENTRY
Title Doctrina tributaria
Related parts - Nº 536 (nov. 2024)
Record control number REV4296

No hay ítems disponibles.